000 00754nam a2200229 i 4500
001 128391
003 ES-MaACL
005 20230906193248.0
007 t|
008 070510s1970 sp ||||1| spa d
080 _a946.61 Guernica"193/39"
080 _a946"1936/39"
100 1 _aTalón, Vicente.
_9109134
245 1 0 _aArde Guernica /
_cVicente Talón.
260 _aMadrid :
_bSan Martín,
_c1970.
300 _aVII, 304 p., [42] p. de lám. fot. ;
_c21 cm.
500 _aAnexo: Postdata al Informe Herrán. Informe Machimbarrena-Milans
504 _aBibliografía: 291-299.
651 4 _aGernika-Lumo-
_xHistoria-
_y1937, Bombardeo.
_9161219
651 4 _aEspaña-
_xHistoria-
_y1936-1939, Guerra civil.
_98292
852 _aES-MaACL
_jC-45696
999 _c128391
_d128391